Galatasaray tıbbiyesi : (Record no. 12717)

MARC details
000 -BAŞLIK
Sabit Uzunlukta Kontrol Alanı 00741nam a22002177a 4500
999 ## - SİSTEM KONTROL NUMARALARI (KOHA)
Koha Biblionumber 12717
Koha Biblioitemnumber 12717
003 - KONTROL NUMARASI IDENTIFIER
Denetim Alanı MIRAKIL
005 - SON İŞLEM TARİHİ VE ZAMANI
Denetim Alanı 20190208140909.0
008 - SABİT-BOY VERİ ELEMANLARI - GENEL BİLGİLER
Sabit Uzunlukta Kontrol Alanı 190208b tu ||||| |||| 00| 0 tur d
020 ## - ULUSLARARASI STANDART KİTAP NUMARASI
Uluslararası Standart Kitap Numarası 9786053994763
040 ## - KATALOGLAMA KAYNAK
Orijinal Kataloglama Ajansı TR-AnCHP
Metne Dönüştürmek Ajansı TR-AnCHP
041 ## - DİL KODU
Metin / Ses Parça Veya Ayrı Başlığın Dil Kodu tur
082 ## - DEWEY ONLU SINIFLANDIRMA NUMARASI
Sınıflandırma Numarası 610.9561
Ürün Numarası Ü45g 2017
100 ## - ANA GİRİŞ - KİŞİSEL İSİM
Kişisel Ad Ülman, Yeşim Işıl
245 10 - BAŞLIK TABLOSU
Başlık Galatasaray tıbbiyesi :
Başlığın Kalan tıbbiyede modernleşme başlangıcı /
Sorumluluk Tablosu, Vb Yeşim Işıl Ülman
260 ## - YAYIN, DAĞITIM, VB
Yayın, Dağıtım, Vb Yeri İstanbul:
Yayıncı, Dağıtıcı, Vs Adı İstanbul Bilgi Üniversitesi Yayınları,
Yayın, Dağıtım, Vb Tarihi 2017.
300 ## - FİZİKSEL TANIM
Kapsam xv, 347 s.:
Boyutlar 23 sm.
490 0# - SERİSİ TABLOSU
Seri Beyanı İstanbul Bilgi Üniversitesi Yayınları ;
-- Akademya ;
Hacim / Ardışık Tanımı 589.
-- 14.
504 ## - KAYNAKÇA VB NOT
Kaynakça Vb Notu Kaynakça ve dizin vardır.
650 #0 - KONU KATMA GİRİŞ - TOPİKAL DÖNEM
9 (RLIN) 5162
Topikal Süreli Veya Coğrafi Ad Giriş Elemanı Tıp eğitimi
Genel Alt Bölümü Tarih
Coğrafi Alt Bölümü Türkiye
942 ## - EKLENDİ GİRİŞ ELEMANLARI (KOHA)
Sınıflandırma Veya Raf Düzeni Kaynak Dewey Decimal Classification
Koha Öğesi Türü Books
Holdings
Kalıcı Konum Mevcut Konum Edinme Tarihi Edinim Kaynak Toplam Check-Out'Lar Tam Çağrı Numarası Barkod Tarih Son Görülme İtibaren Geçerli Fiyatlar Sigara Kamu Notu Koha Öğesi Türü
CHP Kütüphanesi CHP Kütüphanesi 02/08/2019 Bağış   610.9561 Ü45g 2017 018827 02/08/2019 02/08/2019 Kemal Kılıçdaroğlu bağışıdır. Books